[Event "Piestany Slovakia op-B"]
[Site "Piestany"]
[Date "2024.07.16"]
[Round "8"]
[White "Kollarik, Gorazd"]
[Black "Hanzel, Richard"]
[Result "1/2-1/2"]
[WhiteElo "1804"]
[BlackElo "1549"]
[PlyCount "68"]
[EventDate "2024.07.09"]
[EventType "swiss"]
[EventRounds "9"]
[EventCountry "SVK"]
[SourceTitle "EXT 2025"]
[Source "ChessBase"]
[SourceDate "2024.10.14"]
[SourceVersion "1"]
[SourceVersionDate "2024.10.14"]
[SourceQuality "1"]

1. e4 c6 2. d4 d5 3. Nc3 dxe4 4. Nxe4 Nd7 5. Bc4 Ngf6 6. Ng5 e6 7. Qe2 Nb6 8. Bb3 h6 9. Ne4 Be7 10. Nf3 Qc7 11. 0-0 Bd7 12. c3 Nxe4 13. Qxe4 0-0-0 14. Bf4 Bd6 15. Bxd6 Qxd6 16. Qe5 Qxe5 17. Nxe5 Be8 18. Rfe1 Nd7 19. Rad1 Nxe5 20. dxe5 c5 21. Rxd8+ Kxd8 22. Rd1+ Kc7 23. f3 Bc6 24. Kf2 h5 25. h4 Rd8 26. Rxd8 Kxd8 27. Ke3 Kc7 28. Bc2 Be8 29. Be4 b6 30. b4 cxb4 31. cxb4 a5 32. a3 axb4 33. axb4 f6 34. Kf4 f5 1/2-1/2

[Event "Piestany Slovakia op-B"]
[Site "Piestany"]
[Date "2024.07.15"]
[Round "7"]
[White "Rapavy, Marek"]
[Black "Kollarik, Gorazd"]
[Result "1-0"]
[WhiteElo "1409"]
[BlackElo "1804"]
[PlyCount "82"]
[EventDate "2024.07.09"]
[EventType "swiss"]
[EventRounds "9"]
[EventCountry "SVK"]
[SourceTitle "EXT 2025"]
[Source "ChessBase"]
[SourceDate "2024.10.14"]
[SourceVersion "1"]
[SourceVersionDate "2024.10.14"]
[SourceQuality "1"]

1. e4 c5 2. Nf3 Nc6 3. Bb5 g6 4. 0-0 Bg7 5. d3 d6 6. Bxc6+ bxc6 7. Re1 e5 8. Nbd2 Ne7 9. c3 0-0 10. Nc4 Be6 11. Qa4 Qd7 12. Ng5 h6 13. Nxe6 Qxe6 14. Na5 Qd7 15. f4 Kh7 16. fxe5 dxe5 17. Qc4 Rab8 18. Nb3 Rb5 19. a4 Rxb3 20. Qxb3 Qxd3 21. Qb7 Nc8 22. Qxc6 Rd8 23. Be3 Qd7 24. Qxd7 Rxd7 25. Bxc5 Bf6 26. Red1 Rc7 27. b4 Kg7 28. Rd3 Be7 29. Bxe7 Nxe7 30. Rad1 Nc8 31. a5 Kf6 32. Kf2 h5 33. h4 Ke6 34. Ke3 f5 35. exf5+ gxf5 36. Ke2 Rg7 37. g3 Rc7 38. Rf3 Kf6 39. c4 Ke7 40. b5 Ke6 41. Ke3 Ke7 1-0

[Event "Piestany Slovakia op-B"]
[Site "Piestany"]
[Date "2024.07.13"]
[Round "5"]
[White "Kollarik, Gorazd"]
[Black "Muhamova, Arzygul"]
[Result "1/2-1/2"]
[WhiteElo "1804"]
[BlackElo "1598"]
[PlyCount "53"]
[EventDate "2024.07.09"]
[EventType "swiss"]
[EventRounds "9"]
[EventCountry "SVK"]
[SourceTitle "EXT 2025"]
[Source "ChessBase"]
[SourceDate "2024.10.14"]
[SourceVersion "1"]
[SourceVersionDate "2024.10.14"]
[SourceQuality "1"]

1. e4 e6 2. d4 d5 3. Nc3 Nf6 4. e5 Nfd7 5. Nf3 Be7 6. Be3 a6 7. Be2 c5 8. 0-0 0-0 9. Na4 cxd4 10. Bxd4 Nc6 11. b3 b5 12. Nb2 Qc7 13. c4 bxc4 14. bxc4 Ndxe5 15. cxd5 Nxd4 16. Qxd4 Nxf3+ 17. Bxf3 Bf6 18. Qd2 exd5 19. Rac1 Qd8 20. Qxd5 Qxd5 21. Bxd5 Bxb2 22. Bxa8 Bxc1 23. Rxc1 Be6 24. Bb7 Bxa2 25. Bxa6 Ra8 26. Rc8+ Rxc8 27. Bxc8 1/2-1/2

[Event "Piestany Slovakia op-B"]
[Site "Piestany"]
[Date "2024.07.11"]
[Round "3"]
[White "Kollarik, Gorazd"]
[Black "Dubnicka, Ferdinand"]
[Result "1-0"]
[WhiteElo "1804"]
[BlackElo "1606"]
[PlyCount "132"]
[EventDate "2024.07.09"]
[EventType "swiss"]
[EventRounds "9"]
[EventCountry "SVK"]
[SourceTitle "EXT 2025"]
[Source "ChessBase"]
[SourceDate "2024.10.14"]
[SourceVersion "1"]
[SourceVersionDate "2024.10.14"]
[SourceQuality "1"]

1. e4 c5 2. Nf3 Nc6 3. d4 e6 4. d5 exd5 5. exd5 Qe7+ 6. Be2 Ne5 7. 0-0 d6 8. c4 h6 9. Re1 Nf6 10. Nc3 a6 11. a4 g5 12. Nxe5 dxe5 13. Bf3 Bg7 14. Ne4 Nxe4 15. Bxe4 Qf6 16. d6 Bd7 17. Bxb7 Ra7 18. Qd5 0-0 19. Bc6 Be6 20. Qxc5 Raa8 21. Bxa8 Rxa8 22. Qb4 Rd8 23. Bd2 Bf5 24. c5 Qe6 25. Bc3 f6 26. Qb6 Qc8 27. Rad1 Bd7 28. b3 Qa8 29. Qb4 Bc6 30. Qc4+ Kh8 31. f3 Rd7 32. Kf2 a5 33. b4 axb4 34. Bxb4 Qe8 35. a5 Qb8 36. Bc3 Qa7 37. Kg3 h5 38. h3 Kh7 39. Rb1 Kh6 40. Rb6 Qa8 41. a6 Ra7 42. Reb1 h4+ 43. Kf2 Qe8 44. Rb8 Qg6 45. Qe2 e4 46. fxe4 Bxe4 47. Rd1 Qf5+ 48. Ke1 Bc6 49. Bd4 Rf7 50. Rb6 Qd7 51. Ra1 Rf8 52. Kf2 Re8 53. Qd2 Qf5+ 54. Kg1 Qd5 55. a7 Re4 56. Qf2 Rxd4 57. Rxc6 Rf4 58. a8Q Rxf2 59. Kxf2 Qd4+ 60. Kf1 g4 61. Qa4 Qd3+ 62. Kg1 Qe3+ 63. Kh1 gxh3 64. Qxh4+ Kg6 65. Qg4+ Kf7 66. Rc7+ Kg8 1-0

[Event "Piestany Slovakia op-B"]
[Site "Piestany"]
[Date "2023.07.17"]
[Round "7"]
[White "Kollarik, Gorazd"]
[Black "Visvader, Kristof"]
[Result "0-1"]
[WhiteElo "1700"]
[BlackElo "1576"]
[PlyCount "58"]
[EventDate "2023.07.11"]
[EventType "swiss"]
[EventRounds "9"]
[EventCountry "SVK"]
[SourceTitle "EXT 2024"]
[Source "ChessBase"]
[SourceDate "2023.10.10"]
[SourceVersion "1"]
[SourceVersionDate "2023.10.10"]
[SourceQuality "1"]

1. e4 e5 2. Nf3 Nc6 3. Bb5 Nge7 4. Nc3 g6 5. 0-0 Bg7 6. d3 0-0 7. Nh4 Nd4 8. Bc4 Nec6 9. Nf3 Nxf3+ 10. Qxf3 Kh8 11. Qd1 f5 12. f4 d6 13. Bd5 Nd4 14. exf5 Bxf5 15. Be4 Bxe4 16. dxe4 Qh4 17. Ne2 Nxe2+ 18. Qxe2 exf4 19. c3 Be5 20. Rf3 Qh5 21. Qf2 g5 22. h3 Rg8 23. Bd2 Rg6 24. g4 fxg3 25. Rf8+ Rxf8 26. Qxf8+ Rg8 27. Qf5 Qe2 28. Bxg5 Rxg5 29. Qf8+ Rg8 0-1

[Event "SVK-chT3A2 0809"]
[Site "Slovakia"]
[Date "2009.03.08"]
[Round "9.2"]
[White "Kollarik, Gorazd"]
[Black "Kantor, Tomas"]
[Result "0-1"]
[WhiteElo "1941"]
[BlackElo "2028"]
[PlyCount "72"]
[EventDate "2008.10.19"]
[EventType "team-tourn"]
[EventRounds "11"]
[EventCountry "SVK"]
[SourceTitle "EXT 2010"]
[Source "ChessBase"]
[SourceDate "2010.11.25"]
[SourceVersion "1"]
[SourceVersionDate "2010.11.25"]
[SourceQuality "1"]
[WhiteTeam "Hlohovec SK Zentiva III"]
[BlackTeam "Gabcikovo"]
[WhiteTeamCountry "SVK"]
[BlackTeamCountry "SVK"]

1. e4 c5 2. Nf3 Nc6 3. d4 cxd4 4. Nxd4 Nf6 5. Nc3 e5 6. Ndb5 d6 7. Bg5 a6 8. Bxf6 gxf6 9. Na3 b5 10. Nd5 f5 11. Bd3 Be6 12. Qh5 Bg7 13. c3 0-0 14. Nc2 fxe4 15. Bxe4 f5 16. Bf3 e4 17. Nf4 exf3 18. Qxf3 Ne5 19. Qg3 Bc4 20. Nb4 Ng6 21. Nbd5 Nxf4 22. Nxf4 b4 23. Kd2 bxc3+ 24. bxc3 Qf6 25. Rhe1 Rac8 26. Re3 Bf7 27. Rc1 Rfe8 28. Rxe8+ Rxe8 29. Rc2 Qe5 30. Qe3 Bh6 31. g3 Bxf4 32. gxf4 Qd5+ 33. Qd3 Qxd3+ 34. Kxd3 Re4 35. f3 Bc4+ 36. Kd2 Re2+ 0-1

[Event "SVK-chT2A 0809"]
[Site "Slovakia"]
[Date "2009.03.01"]
[Round "11.5"]
[White "Zacik, Anton"]
[Black "Kollarik, Gorazd"]
[Result "1/2-1/2"]
[WhiteElo "2048"]
[BlackElo "1941"]
[PlyCount "49"]
[EventDate "2008.10.11"]
[EventType "team-tourn"]
[EventRounds "11"]
[EventCountry "SVK"]
[SourceTitle "EXT 2010"]
[Source "ChessBase"]
[SourceDate "2010.11.25"]
[SourceVersion "1"]
[SourceVersionDate "2010.11.25"]
[SourceQuality "1"]
[WhiteTeam "Pezinok KS"]
[BlackTeam "Hlohovec SK Zentiva II"]
[WhiteTeamCountry "SVK"]
[BlackTeamCountry "SVK"]

1. e4 c5 2. Nf3 Nc6 3. Nc3 d6 4. Bc4 Nf6 5. d3 e6 6. 0-0 Be7 7. Bg5 0-0 8. Nd2 a6 9. a4 Qc7 10. f4 Nd4 11. Nf3 Nxf3+ 12. Rxf3 Ne8 13. Qd2 h6 14. Bxe7 Qxe7 15. f5 Nf6 16. Raf1 exf5 17. exf5 Re8 18. Nd5 Nxd5 19. Bxd5 Qe2 20. Qc3 Qe5 21. Qc4 Qf6 22. Rg3 Kf8 23. Rgf3 Rb8 24. Qf4 Bd7 25. b3 1/2-1/2

[Event "SVK-chT2A 0809"]
[Site "Slovakia"]
[Date "2008.12.06"]
[Round "5.4"]
[White "Kollarik, Gorazd"]
[Black "Manak, Jozef"]
[Result "1/2-1/2"]
[WhiteElo "1941"]
[BlackElo "2009"]
[PlyCount "38"]
[EventDate "2008.10.11"]
[EventType "team-tourn"]
[EventRounds "11"]
[EventCountry "SVK"]
[SourceTitle "EXT 2010"]
[Source "ChessBase"]
[SourceDate "2010.11.25"]
[SourceVersion "1"]
[SourceVersionDate "2010.11.25"]
[SourceQuality "1"]
[WhiteTeam "Hlohovec SK Zentiva II"]
[BlackTeam "Piestany Kupele"]
[WhiteTeamCountry "SVK"]
[BlackTeamCountry "SVK"]

1. e4 c5 2. Nf3 Nc6 3. d4 cxd4 4. Nxd4 Nf6 5. Nc3 d6 6. Be3 Ng4 7. Qd2 Nxe3 8. Qxe3 Qb6 9. 0-0-0 g6 10. Nd5 Qa5 11. a3 a6 12. Nb3 Qd8 13. Kb1 Bg7 14. Be2 0-0 15. g4 b5 16. h4 Be6 17. f4 Bxd5 18. exd5 Na5 19. Nxa5 Qxa5 1/2-1/2

[Event "SVK-chT1E 0708"]
[Site "Slovakia"]
[Date "2008.03.15"]
[Round "10.4"]
[White "Kollarik, Gorazd"]
[Black "Kleman, Miroslav"]
[Result "0-1"]
[WhiteElo "1972"]
[BlackElo "2097"]
[PlyCount "92"]
[EventDate "2007.10.13"]
[EventType "team-swiss"]
[EventRounds "11"]
[EventCountry "SVK"]
[SourceTitle "EXT 2019"]
[Source "ChessBase"]
[SourceDate "2018.10.10"]
[SourceVersion "1"]
[SourceVersionDate "2018.10.10"]
[SourceQuality "1"]
[WhiteTeam "Hlohovec SK Zentiva II"]
[BlackTeam "Bratislava Doprastav"]
[WhiteTeamCountry "SVK"]
[BlackTeamCountry "SVK"]

1. e4 d6 2. d4 Nf6 3. Nc3 Nbd7 4. Be3 e5 5. d5 Be7 6. f3 h6 7. Qd2 Nh7 8. Bd3 Bg5 9. Bxg5 Qxg5 10. Qxg5 hxg5 11. Nge2 Nc5 12. h3 Nf6 13. 0-0-0 Bd7 14. Bb5 a5 15. Bxd7+ Kxd7 16. Nb5 Nh5 17. g3 g6 18. c4 f5 19. Nbc3 Raf8 20. Rhf1 Nf6 21. exf5 gxf5 22. Ng1 f4 23. g4 e4 24. fxe4 Nfxe4 25. Nxe4 Nxe4 26. Rde1 Re8 27. Rf3 c6 28. dxc6+ bxc6 29. Rd1 Kc7 30. Kc2 Kb6 31. b3 Kc5 32. Kb2 Rh6 33. Kc2 Ng3 34. Rfd3 Ne4 35. Rf3 Nf6 36. Rfd3 Nd7 37. Rf1 Ne5 38. Rd2 Reh8 39. Rdf2 Rxh3 40. Nxh3 Rxh3 41. Rg1 a4 42. Rfg2 axb3+ 43. axb3 Nf3 44. Rb1 Nd4+ 45. Kd2 Nxb3+ 46. Ke2 f3+ 0-1

[Event "SVK-chT2A 0708"]
[Site "Slovakia"]
[Date "2008.03.09"]
[Round "11.6"]
[White "Kolman, Richard"]
[Black "Kollarik, Gorazd"]
[Result "1-0"]
[WhiteElo "2103"]
[BlackElo "1972"]
[PlyCount "73"]
[EventDate "2007.10.06"]
[EventType "team-tourn"]
[EventRounds "11"]
[EventCountry "SVK"]
[SourceTitle "EXT 2010"]
[Source "ChessBase"]
[SourceDate "2010.11.25"]
[SourceVersion "1"]
[SourceVersionDate "2010.11.25"]
[SourceQuality "1"]
[WhiteTeam "Bratislava Doprastav"]
[BlackTeam "Hlohovec SK Zentiva III"]
[WhiteTeamCountry "SVK"]
[BlackTeamCountry "SVK"]

1. d4 Nf6 2. Nf3 d5 3. Bg5 Ne4 4. Bf4 e6 5. e3 Bb4+ 6. c3 Bd6 7. Bd3 f5 8. 0-0 0-0 9. c4 c6 10. Nc3 Qc7 11. g3 b6 12. Rc1 Bxf4 13. exf4 Qe7 14. Ne5 Nxc3 15. bxc3 Bb7 16. Qa4 Rc8 17. Rfe1 g6 18. Qb4 c5 19. Qb3 Nd7 20. cxd5 Bxd5 21. c4 Bb7 22. d5 Nf8 23. Bf1 Qd6 24. Rcd1 exd5 25. cxd5 Re8 26. Bb5 Re7 27. Nc6 Rxe1+ 28. Rxe1 a6 29. Re7 Qf6 30. Rxb7 axb5 31. d6+ c4 32. Qxb5 Qc3 33. Qd5+ Kh8 34. Qf7 Qe1+ 35. Kg2 Qe4+ 36. Kh3 Nd7 37. Rxd7 1-0

[Event "SVK-chT2A 0708"]
[Site "Slovakia"]
[Date "2007.12.02"]
[Round "6.5"]
[White "Nagy, Tomas"]
[Black "Kollarik, Gorazd"]
[Result "1-0"]
[WhiteElo "2183"]
[BlackElo "1972"]
[PlyCount "53"]
[EventDate "2007.10.06"]
[EventType "team-tourn"]
[EventRounds "11"]
[EventCountry "SVK"]
[SourceTitle "EXT 2010"]
[Source "ChessBase"]
[SourceDate "2010.11.25"]
[SourceVersion "1"]
[SourceVersionDate "2010.11.25"]
[SourceQuality "1"]
[WhiteTeam "Galanta"]
[BlackTeam "Hlohovec SK Zentiva III"]
[WhiteTeamCountry "SVK"]
[BlackTeamCountry "SVK"]

1. d4 Nf6 2. Nf3 d5 3. c4 e6 4. Nc3 Be7 5. Bg5 0-0 6. e3 b6 7. cxd5 Nxd5 8. Bxe7 Qxe7 9. Nxd5 exd5 10. a3 Bg4 11. Rc1 Rc8 12. Bd3 h6 13. h3 Be6 14. 0-0 c5 15. Ne5 Nd7 16. f4 Nxe5 17. dxe5 Bd7 18. Ba6 Rc7 19. Qxd5 Bc6 20. Qc4 Rd8 21. Rcd1 Rcd7 22. Qe2 Qe6 23. Bc4 Qf5 24. Rxd7 Qxd7 25. f5 Bd5 26. Rd1 Qc6 27. e4 1-0

[Event "SVK-chT3A2 0607"]
[Site "Slovakia"]
[Date "2007.03.11"]
[Round "10"]
[White "Kollarik, Gorazd"]
[Black "Kosar, Mikulas"]
[Result "1-0"]
[WhiteElo "1976"]
[BlackElo "1951"]
[PlyCount "87"]
[EventDate "2006.10.08"]
[EventType "team-tourn"]
[EventRounds "11"]
[EventCountry "SVK"]
[SourceTitle "EXT 2008"]
[Source "ChessBase"]
[SourceDate "2007.11.25"]
[SourceVersion "1"]
[SourceVersionDate "2007.11.25"]
[SourceQuality "1"]
[WhiteTeam "Hlohovec Junior"]
[BlackTeam "Gabcikovo"]
[WhiteTeamCountry "SVK"]
[BlackTeamCountry "SVK"]

1. e4 e6 2. d4 c5 3. Nf3 Nc6 4. d5 exd5 5. exd5 Qe7+ 6. Be2 Ne5 7. 0-0 g6 8. Re1 f6 9. c4 d6 10. Nc3 Bg7 11. Nd2 Qd8 12. f4 Nf7 13. Bg4+ Ne7 14. Bxc8 Qxc8 15. Qe2 Qd7 16. Nf3 f5 17. Bd2 Bf6 18. Qe6 Bg7 19. Re2 Nd8 20. Qxd7+ Kxd7 21. Rae1 Bf6 22. b3 Re8 23. Nb1 h6 24. Bc3 Bxc3 25. Nxc3 Rb8 26. Nh4 Nf7 27. Re6 a6 28. Rf6 Nh8 29. Ree6 Ng8 30. Rxd6+ Kc7 31. Rfe6 Ne7 32. Na4 Nc8 33. Rxe8 Nxd6 34. Rxb8 Kxb8 35. Nxc5 g5 36. fxg5 hxg5 37. Nf3 Nhf7 38. Kf2 a5 39. a4 g4 40. Nd4 Ne5 41. Ke3 Ng6 42. Nce6 b6 43. g3 Kb7 44. Ng7 1-0

[Event "SVK-chT2A 0506"]
[Site "Slovakia"]
[Date "2006.03.11"]
[Round "10.8"]
[White "Kollarik, Gorazd"]
[Black "Skapik, Branislav"]
[Result "1/2-1/2"]
[WhiteElo "1981"]
[BlackElo "1797"]
[PlyCount "48"]
[EventDate "2005.10.22"]
[EventType "tourn"]
[EventRounds "11"]
[EventCountry "SVK"]
[SourceTitle "EXT 2009"]
[Source "ChessBase"]
[SourceDate "2008.11.26"]
[SourceVersion "1"]
[SourceVersionDate "2008.11.26"]
[SourceQuality "1"]

1. d4 f5 2. c4 Nf6 3. Nc3 g6 4. g3 Bg7 5. Bg2 d6 6. Bg5 h6 7. Bxf6 Bxf6 8. e3 c6 9. Nge2 0-0 10. 0-0 Qe8 11. Qb3 Kh7 12. Rad1 Nd7 13. Rd2 Qf7 14. d5 Nc5 15. Qc2 Bd7 16. b3 Na6 17. a3 c5 18. Qd3 Rab8 19. Rb1 Rfc8 20. Rdb2 Qg7 21. Rc2 Nc7 22. a4 Na6 23. Na2 Nc7 24. Nac3 Na6 1/2-1/2